| 000 | 00509nam a2200169Ia 4500 | ||
|---|---|---|---|
| 999 |
_c7215 _d7215 |
||
| 003 | OSt | ||
| 005 | 20200130102339.0 | ||
| 008 | 190216s9999||||xx |||||||||||||| ||und|| | ||
| 020 | _a9788183871136 | ||
| 040 | _coclc | ||
| 082 |
_a338.95484 _bTRI/S |
||
| 100 |
_aTripathi, Vanita _91617 |
||
| 245 | 0 |
_aSize Effect In Indian Stock Market / _cVanita Tripathi |
|
| 260 |
_bSerial Publications, _c2008. _aNew Delhi: |
||
| 300 | _a194p | ||
| 942 |
_cBK _2ddc _h338.95484 _iTRI/S _k338.95484 _mTRI/S |
||